Online
Catalog

Los recursos naturales : (Record no. 28009)

MARC details
000 -CABECERA
campo de control de longitud fija 00582nam a2200169 a 4500
001 - NÚMERO DE CONTROL
campo de control 000028517
005 - FECHA Y HORA DE LA ÚLTIMA TRANSACCIÓN
campo de control 20200930055004.0
008 - DATOS DE LONGITUD FIJA--INFORMACIÓN GENERAL
campo de control de longitud fija 110408s1991 dr c 000 0 spa d
040 ## - FUENTE DE LA CATALOGACIÓN
Centro catalogador/agencia de origen DO-SdBNP
Lengua de catalogación spa
Centro/agencia transcriptor BNPHU
082 ## - NÚMERO DE LA CLASIFICACIÓN DECIMAL DEWEY
Número de clasificación xxx
Número de documento/Ítem A728r
100 1# - ENTRADA PRINCIPAL--NOMBRE DE PERSONA
Nombre de persona Armenteros Rius, Jesús Enrique
9 (RLIN) 55481
245 14 - MENCIÓN DE TÍTULO
Título Los recursos naturales :
Resto del título decisión y acción /
Mención de responsabilidad, etc. Jesús Enrique Armenteros Rius.
260 ## - PUBLICACIÓN, DISTRIBUCIÓN, ETC.
Lugar de publicación, distribución, etc. Santo Domingo :
Nombre del editor, distribuidor, etc. Fundación para el Progreso Humano (PROGRESSIO),
Fecha de publicación, distribución, etc. 1991.
300 ## - DESCRIPCIÓN FÍSICA
Extensión 19 p. :
Otras características físicas retrs. ;
Dimensiones 22 cm.
490 1# - MENCIÓN DE SERIE
Mención de serie PROGESSIO
Designación de volumen o secuencia no. 11
830 #0 - PUNTO DE ACCESO ADICIONAL DE SERIE-TÍTULO UNIFORME
Título uniforme PROGRESSIO
Número de parte o sección de la obra no. 11
9 (RLIN) 55482
Holdings
Estado de retiro Estado de pérdida No para préstamo Código de colección Localización permanente Ubicación/localización actual Ubicación en estantería Fecha de adquisición Número de inventario Total de préstamos Signatura topográfica completa Código de barras Fecha visto por última vez Precio válido a partir de Tipo de ítem Koha
      Patrimonio Dominicano Patrimonio Dominicano Patrimonio Dominicano Orden iniciada 08.04.2011 LF1   xxx A728r 28517-10 25.06.2020 25.06.2020 Libro y Folleto Colección Patrimonio Dominicano

Powered by Koha